000 00576nam a2200193 4500
001 122539
003 ES-MaACL
005 20230906192009.0
007 t|
008 070214s1923 fr r ||||1| fre d
100 1 _aPrivat, Jean.
_994004
245 1 2 _aL'orthopédie en clièntele /
_cpar J. Privat.
260 _aParis :
_bA. Maloine,
_c1923.
300 _a817 p. ;
_c19 x 14 cm.
490 1 _aComment guérir?. Bibliothèque des praticiens
830 0 _aComment guérir?. Bibliothèque des praticiens
_9218849
852 _aES-MaACL
_jB-11933
999 _c122539
_d122539